TRADE PREFERENCES FOR LESS-DEVELOPED COUNTRIES : AN ANALYSIS OF UNITED STATES POLICY /

INCLUYE BIBLIOGRAFIA

Gespeichert in:
Bibliographische Detailangaben
1. Verfasser: Weintraub, Sidney (autor)
Format: Buch
Schlagworte:
Tags: Tag hinzufügen
Keine Tags, Fügen Sie das erste Tag hinzu!

MARC

LEADER 00000nam^a2200000^a^4500
001 000242658
005 20250521000000.0
009 20260310105306.038
035 |a 052465 
037 |a Acervo Xavier Clavigero 
082 |a 327. 73 WEI 
100 |a Weintraub, Sidney  |e (autor) 
245 1 0 |a TRADE PREFERENCES FOR LESS-DEVELOPED COUNTRIES :  |b AN ANALYSIS OF UNITED STATES POLICY /  |c SIDNEY WEINTRAUB 
264 |a NEW YORK :  |b FREDERICK A. PRAEGER,  |c 1967 
300 |a 231 p. 
336 |a texto  |b txt  |2 rdacontenido 
337 |a sin mediación  |b n  |2 rdamedio 
338 |a volumen  |b nc  |2 rdasoporte 
520 |a INCLUYE BIBLIOGRAFIA 
649 |a XX 
650 |a Política Exterior -  |z EUA 
650 |a Países Subdesarrollados 
910 |a Fondo General 
920 |a Impresos - Libros 
930 |a Colección General 
905 |a 101 
901 |a 052465  |b IT1  |c ACC  |i 052465  |u 20250521 
902 |a https://opac.biblio.iteso.mx/vufind/Record/000242658